BSOP header

Why revival tarries. (Record no. 46907)

MARC details
000 -LEADER
fixed length control field 00742nam a2200301Ia 4500
001 - CONTROL NUMBER
control field 29474699
003 - CONTROL NUMBER IDENTIFIER
control field OCoLC
005 - DATE AND TIME OF LATEST TRANSACTION
control field 20190618144026.0
008 - FIXED-LENGTH DATA ELEMENTS--GENERAL INFORMATION
fixed length control field 940516t19921992xxkm a 0 0 eng d
020 ## - INTERNATIONAL STANDARD BOOK NUMBER
International Standard Book Number 1852401044
035 ## - SYSTEM CONTROL NUMBER
System control number 1031749
040 ## - CATALOGING SOURCE
Language of cataloging eng
Modifying agency UtOrBLW
044 ## - COUNTRY OF PUBLISHING/PRODUCING ENTITY CODE
MARC country code xxk
082 0# - DEWEY DECIMAL CLASSIFICATION NUMBER
Classification number 269.2
Edition number 20
092 ## - LOCALLY ASSIGNED DEWEY CALL NUMBER (OCLC)
Classification number 269.2 RAVE
100 1# - MAIN ENTRY--PERSONAL NAME
Personal name Ravenhill, Leonard.
245 10 - TITLE STATEMENT
Title Why revival tarries.
250 ## - EDITION STATEMENT
Edition statement British ed.
264 #1 - PRODUCTION, PUBLICATION, DISTRIBUTION, MANUFACTURE STATEMENTS
Place of production, publication, distribution, manufacture Tonbridge :
Name of producer, publisher, distributor, manufacturer <a href="Sovereign World,">Sovereign World,</a>
Date of production, publication, distribution, manufacture [1992]
264 #4 - PRODUCTION, PUBLICATION, DISTRIBUTION, MANUFACTURE STATEMENTS
Date of production, publication, distribution, manufacture �1992.
300 ## - PHYSICAL DESCRIPTION
Extent 168 pages ;
Dimensions 18 cm.
336 ## - CONTENT TYPE
Content Type Term text
Content Type Code txt
Source rdacontent.
337 ## - MEDIA TYPE
Media Type Term unmediated
Media Type Code n
Source rdamedia.
338 ## - CARRIER TYPE
Carrier Type Term volume
Carrier Type Code nc
Source rdacarrier.
590 ## - LOCAL NOTE (RLIN)
Local note MARS.
650 #0 - SUBJECT ADDED ENTRY--TOPICAL TERM
Topical term or geographic name as entry element Evangelical Revival.
913 ## -
-- -

No items available.

BSOP

Biblical Seminary of the Philippines
  All rights Reserved
  © 2024

CONTACT INFORMATION

Biblical Seminary of the Philippines,
  77-B Karuhatan Road, Valenzuela City,
  PHILIPPINES 1441
  Phone: +632 8292-6795 / 8292-6798
  Fax : +632 8292-6675
  Email: library@bsop.edu.ph